Dall'altra parte : la macchina contro l'AIDS : storia di una sperimentazione /
Shranjeno v:
| Glavni avtor: | |
|---|---|
| Format: | Knjiga |
| Jezik: | italijanščina |
| Izdano: |
Venezia :
Marsilio,
\1997!
|
| Serija: | I grilli Marsilio ;
40 Gli specchi del presente |
| Teme: | |
| Oznake: |
Brez oznak, prvi označite!
|
MARC
| LEADER | 00000nam a2200000 i 4500 | ||
|---|---|---|---|
| 001 | IT\ICCU\LIA\0234118 | ||
| 003 | ItRI | ||
| 005 | 20260115231905.0 | ||
| 008 | 970210s1997 it |||||| ||||| |||||c | ||
| 015 | |2 IT |a 2000-381s | ||
| 020 | |a 8831765450 | ||
| 040 | |b ita |c importazione bologna sebina | ||
| 041 | 7 | |a ita |2 ISO-639-2 | |
| 082 | |a 616.97920645 |9 MALATTIE DA DEFICIENZA IMMUNITARIA. SINDROME DA IMMUNODEFICIENZA ACQUISITA |2 21 | ||
| 100 | 1 | |a Marineo, Giuseppe |0 IT\ICCU\LIAV\153654 |4 aut | |
| 245 | 1 | 0 | |a Dall'altra parte : |b la macchina contro l'AIDS : storia di una sperimentazione / |c Giuseppe Marineo. |
| 260 | |a Venezia : |b Marsilio, |c \1997! | ||
| 300 | |a 123 p. ; |c 21 cm. | ||
| 650 | 7 | |a Sindrome da immunodeficienza acquisita |x Magnetoterapia |2 scbi | |
| 830 | 2 | |a I grilli Marsilio ; |v 40 |0 IT\ICCU\CFI\0171712 | |
| 830 | 4 | |a Gli specchi del presente |0 IT\ICCU\CFI\0299072 | |
| 942 | |2 ddc |c BK |n 0 | ||
| 952 | |0 0 |1 0 |4 0 |6 A_616_979000000000000_MAR |7 0 |9 15521 |a BO |b BO |d 2026-01-15 |i 20818 |l 0 |o A 616.979 MAR |p BO20818 |r 2026-01-15 23:19:05 |w 2026-01-15 |x [Sebina 7] [1 v.] |y BK |z 1 v. | ||
| 952 | |0 0 |1 0 |4 0 |6 A_616_979000000000000_MAR |7 0 |9 15522 |a BO |b BO |d 2026-01-15 |i 3836 |l 0 |o A 616.979 MAR |p BO3836 |r 2026-01-15 23:19:05 |w 2026-01-15 |x [Sebina 5] [1 v.] |y BK |z 1 v. | ||
| 999 | |c 13360 |d 13360 | ||